[Event "Karlovy Vary op"]
[Site "Karlovy Vary"]
[Date "2009.04.30"]
[Round "3"]
[White "Jenicek, Jaromir"]
[Black "Kovar, Petr1111"]
[Result "1/2-1/2"]
[WhiteElo "1858"]
[BlackElo "2063"]
[PlyCount "95"]
[EventDate "2009.04.29"]
[EventType "swiss"]
[EventRounds "7"]
[EventCountry "CZE"]
[SourceTitle "CBM 130 Extra"]
[Source "ChessBase"]
[SourceDate "2009.07.02"]
[SourceVersion "2"]
[SourceVersionDate "2009.07.15"]
[SourceQuality "1"]

1. e4 c5 2. Nf3 Nc6 3. c3 Nf6 4. Bd3 e5 5. Bc2 Qc7 6. 0-0 d6 7. d3 Bg4 8. Nbd2 Be7 9. h3 Bh5 10. Re1 0-0 11. Nf1 b5 12. Ng3 Bg6 13. Nh4 a5 14. a4 b4 15. Nhf5 Bd8 16. Kh1 Ne7 17. Nh4 Rb8 18. f4 exf4 19. Bxf4 Nc6 20. Nhf5 Ne8 21. d4 cxd4 22. cxd4 Bf6 23. Bb3 Rd8 24. Rc1 Qb6 25. Be3 Ne7 26. Nxe7+ Bxe7 27. Bd5 Nf6 28. Bc6 Qb8 29. Bf2 Nd7 30. Qf3 Bg5 31. Be3 Bxe3 32. Qxe3 Nf6 33. Rf1 Qb6 34. Nf5 Qa7 35. Qg3 d5 36. Qe5 dxe4 37. Ne7+ Kh8 38. Nxg6+ fxg6 39. d5 Qe3 40. Rfe1 Qf2 41. d6 Nh5 42. d7 h6 43. Bb5 Kh7 44. Kh2 Rf4 45. Rxe4 Qg3+ 46. Kg1 Qf2+ 47. Kh2 Qg3+ 48. Kg1 1/2-1/2